000 00547nam a22001817a 4500
999 _c8430
_d8430
008 201124b ||||| |||| 00| 0 eng d
040 _aBMS College of Architecture
100 _aJain, A Arhata
245 _aReminiscing the culture of Tulunadu, Kateel Dakshina Kannada
300 _aNA
500 _a1BM14AT016
502 _8B,Arch
_NBMS College of Architecture, Visvesvaraya Technological University
_aProject report
_d2018
650 _aCulture
650 _aTulunadu
650 _aKateel
700 _aH M Anand
_eGuide
942 _2ddc
_cTHE